<?xml version="1.0" encoding="UTF-8"?><?xml-stylesheet type="text/xsl" href="static/style.xsl"?><OAI-PMH xmlns="http://www.openarchives.org/OAI/2.0/" xmlns:xsi="http://www.w3.org/2001/XMLSchema-instance" xsi:schemaLocation="http://www.openarchives.org/OAI/2.0/ http://www.openarchives.org/OAI/2.0/OAI-PMH.xsd"><responseDate>2026-06-02T05:19:49Z</responseDate><request verb="GetRecord" identifier="oai:riuma.uma.es:10630/5590" metadataPrefix="marc">https://riuma.uma.es/rest/oai/request</request><GetRecord><record><header><identifier>oai:riuma.uma.es:10630/5590</identifier><datestamp>2026-02-03T10:51:23Z</datestamp><setSpec>com_10630_2254</setSpec><setSpec>col_10630_37953</setSpec></header><metadata><record xmlns="http://www.loc.gov/MARC21/slim" xmlns:dcterms="http://purl.org/dc/terms/" xmlns:doc="http://www.lyncode.com/xoai" xmlns:xsi="http://www.w3.org/2001/XMLSchema-instance" xsi:schemaLocation="http://www.loc.gov/MARC21/slim http://www.loc.gov/standards/marcxml/schema/MARC21slim.xsd">
   <leader>00925njm 22002777a 4500</leader>
   <datafield ind2=" " ind1=" " tag="042">
      <subfield code="a">dc</subfield>
   </datafield>
   <datafield ind2=" " ind1=" " tag="720">
      <subfield code="a">Rodríguez-García, Eduardo Amador</subfield>
      <subfield code="e">author</subfield>
   </datafield>
   <datafield ind2=" " ind1=" " tag="720">
      <subfield code="a">Carrillo-Andrés, Antonio</subfield>
      <subfield code="e">author</subfield>
   </datafield>
   <datafield ind2=" " ind1=" " tag="720">
      <subfield code="a">Serrano-Casares, Francisco Víctor</subfield>
      <subfield code="e">author</subfield>
   </datafield>
   <datafield ind2=" " ind1=" " tag="720">
      <subfield code="a">Domínguez-Muñoz, Fernando</subfield>
      <subfield code="e">author</subfield>
   </datafield>
   <datafield ind2=" " ind1=" " tag="720">
      <subfield code="a">Cejudo-López, José Manuel</subfield>
      <subfield code="e">author</subfield>
   </datafield>
   <datafield ind2=" " ind1=" " tag="260">
      <subfield code="c">2013</subfield>
   </datafield>
   <datafield ind2=" " ind1=" " tag="520">
      <subfield code="a">Esta comunicación continúa describiendo la experiencia de los firmantes en la aplicación de las nuevas metodologías docentes descritas en una comunicación anterior [1]. &#xd;
En primer lugar se recuerdan dichas nuevas metodologías y se resumen los resultados obtenidos con la aplicación de las mismas en los últimos cursos académicos. &#xd;
Se ha constatado en la práctica que, tanto el aprendizaje efectivo del alumno como sus resultados académicos alcanzados, dependen fuertemente del sistema de evaluación adoptado, condicionando incluso la estrategia de estudio y seguimiento de la asignatura por parte del alumno.&#xd;
En base a ello, y siguiendo las tendencias de autonomía del estudiante en su aprendizaje, auspiciadas por el Espacio Europeo de Educación Superior, se ha propuesto en el curso académico actualmente vigente (2012-2013) un nuevo sistema de evaluación más flexible que, intentando medir objetivamente el rendimiento de los estudiantes, le motive a éste a configurar de forma voluntaria las distintas actividades valorables en los distintos componentes de la evaluación.&#xd;
El objetivo principal de este nuevo sistema es reducir la tasa de abandono prematuro de la asignatura por parte de los estudiantes y la consecuente mejora de sus resultados académicos en la misma.&#xd;
REFERENCIAS.&#xd;
[1]	RODRÍGUEZ GARCÍA, E. A. CARRILLO ANDRÉS, A. SERRANO CASARES, F. DOMÍNGUEZ MUÑOZ, F. "La evaluación continua y la tutoría virtual como herramientas eficientes en el proceso de enseñanza-aprendizaje de los estudiantes”. En Actas VII Congreso Nacional de Ingeniería Termodinámica, (Bilbao 15, 16 y 17 de junio de 2011).</subfield>
   </datafield>
   <datafield ind1="8" ind2=" " tag="024">
      <subfield code="a">http://hdl.handle.net/10630/5590</subfield>
   </datafield>
   <datafield tag="653" ind2=" " ind1=" ">
      <subfield code="a">Pedagogía</subfield>
   </datafield>
   <datafield tag="653" ind2=" " ind1=" ">
      <subfield code="a">Ingeniería - Estudio y enseñanza</subfield>
   </datafield>
   <datafield ind2="0" ind1="0" tag="245">
      <subfield code="a">Sistemas de evaluación flexibles como instrumento de mejora de los resultados académicos de los estudiantes</subfield>
   </datafield>
</record>
</metadata></record></GetRecord></OAI-PMH>